| 000 | 00820nam a2200205 i 4500 | ||
|---|---|---|---|
| 001 | 178996 | ||
| 003 | ES-MaACL | ||
| 005 | 20251003165700.0 | ||
| 008 | 110817s1913 fr |||| | fre d | ||
| 245 | 0 | 4 |
_aLes oeuvres périscolaires _b: leçons professées à l'Ecole des Hautes Études Sociales / par le Dr. Calmette [et al.] ; recueillies et annotées par Louis Bougie. |
| 260 |
_aParis : _bFélix Alcan, _c1913. |
||
| 300 |
_aIV, 284 p. ; _c22 cm. |
||
| 490 | 1 |
_aBibliothèque générale des sciences sociales ; _v44 |
|
| 650 | 4 |
_aHigiene escolar. _9147625 |
|
| 700 | 1 |
_aBougier, Louis Sylvestre ( _d1851-) _9147626 |
|
| 700 | 1 |
_aCalmette, Albert, _d1863-1933 _933766 |
|
| 830 | 0 | 0 |
_aBibliothèque générale des sciences sociales _v44 _9187778 |
| 852 |
_aES-MaACL _jC-23123 |
||
| 999 |
_c178996 _d178996 |
||